<?xml version="1.0" encoding="UTF-8"?>
<marc:record xmlns:marc="http://www.loc.gov/MARC21/slim">
   <marc:leader>00000nam a2200000 a 4500</marc:leader>
   <marc:datafield ind1="1" ind2=" " tag="100">
      <marc:subfield code="a">Merz, Friedrich</marc:subfield>
      <marc:subfield code="4">aut</marc:subfield>
      <marc:subfield code="e">Verfasser/-in</marc:subfield>
   </marc:datafield>
   <marc:datafield ind1=" " ind2=" " tag="653">
      <marc:subfield code="a">Politik</marc:subfield>
   </marc:datafield>
   <marc:datafield ind1=" " ind2=" " tag="653">
      <marc:subfield code="a">Gesellschaft</marc:subfield>
   </marc:datafield>
   <marc:datafield ind1=" " ind2=" " tag="653">
      <marc:subfield code="a">Softcover / Sachbücher/Politik</marc:subfield>
   </marc:datafield>
   <marc:datafield ind1=" " ind2=" " tag="653">
      <marc:subfield code="a">Wirtschaft/Politik</marc:subfield>
   </marc:datafield>
   <marc:datafield ind1="0" ind2="0" tag="245">
      <marc:subfield code="a">Neue Zeit</marc:subfield>
   </marc:datafield>
   <marc:datafield ind1="0" ind2="0" tag="245">
      <marc:subfield code="b">neue Verantwortung : Demokratie und Soziale Marktwirtschaft im 21. Jahrhundert</marc:subfield>
   </marc:datafield>
   <marc:datafield ind1="0" ind2="0" tag="245">
      <marc:subfield code="c">Friedrich Merz</marc:subfield>
   </marc:datafield>
   <marc:datafield ind1=" " ind2="1" tag="264">
      <marc:subfield code="a">Berlin</marc:subfield>
      <marc:subfield code="b">Econ</marc:subfield>
      <marc:subfield code="c">2020</marc:subfield>
   </marc:datafield>
   <marc:datafield ind1=" " ind2=" " tag="250">
      <marc:subfield code="a">2. Auflage</marc:subfield>
   </marc:datafield>
   <marc:datafield ind1="1" ind2=" " tag="520">
      <marc:subfield code="a">Angaben aus der Verlagsmeldung

Neue Zeit. Neue Verantwortung. : Soziale Marktwirtschaft im 21. Jahrhundert / von Friedrich Merz

Die Corona-Krise erfasst die gesamte Realwirtschaft. Sie ist ein gleichzeitiger Angebots- und Nachfrageschock für die Weltwirtschaft, und die Maßnahmen, die zum Gesundheitsschutz der Bevölkerung auf der ganzen Welt ergriffen werden müssen, führen geradewegs in die weltweite Rezession. Die Bekämpfung der Infektion löst die Wirtschaftskrise überhaupt erst richtig aus. Am Ende des Jahres 2020 wird die Weltwirtschaft gegenüber dem ersten Halbjahr 2019 um mehrere Prozentpunkte geschrumpft sein. Wir können von großem Glück sprechen, wenn es im einstelligen Prozentbereich bleibt.
Wie werden Politik und Wirtschaft sich darauf einstellen? Welche Handlungsoptionen haben wir?
Das werden die entscheidenden Fragen sein, die die nächsten Jahre prägen.
</marc:subfield>
   </marc:datafield>
   <marc:datafield ind1=" " ind2=" " tag="020">
      <marc:subfield code="a">9783430210447</marc:subfield>
      <marc:subfield code="9">9783430210447</marc:subfield>
   </marc:datafield>
   <marc:datafield ind1=" " ind2=" " tag="020">
      <marc:subfield code="a">3430210445</marc:subfield>
      <marc:subfield code="9">3430210445</marc:subfield>
   </marc:datafield>
   <marc:datafield ind1=" " ind2=" " tag="041">
      <marc:subfield code="a">ger</marc:subfield>
   </marc:datafield>
   <marc:datafield ind1=" " ind2=" " tag="300">
      <marc:subfield code="a">240 Seiten</marc:subfield>
   </marc:datafield>
</marc:record>
